| 000 | 00460nam a22001697a 4500 | ||
|---|---|---|---|
| 005 | 20240805092609.0 | ||
| 008 | 240805b |||||||| |||| 00| 0 eng d | ||
| 020 | _a9780072520422 | ||
| 082 |
_a005.432 _bDAS-S |
||
| 100 | _aDas, Sumitabha | ||
| 245 |
_aYour UNIX: _bThe Ultimate Guide / _cSumitabha Das |
||
| 260 |
_ausa: _bmcgraw-hill; _c2006. |
||
| 300 |
_axiv, 705 p. : _bill; _c24 cm. |
||
| 500 | _ainclude index. | ||
| 650 | _anetworking | ||
| 999 |
_c36275 _d36275 |
||